[Event "IM"]
[Site "Bois-Colombes"]
[Date "1999.04.26"]
[Round "1"]
[White "Dumitran, Octavian"]
[Black "Velikov, Petar"]
[Result "1/2-1/2"]
[WhiteElo "2278"]
[BlackElo "2492"]
[PlyCount "73"]
[EventDate "1999.??.??"]

1. Nf3 c5 2. b3 d5 3. e3 Nf6 4. Bb2 Nc6 5. Bb5 Qb6 6. Ba4 Bd7 7. Nc3 e6 8. O-O
Bd6 9. Ne2 Qc7 10. d4 a6 11. dxc5 Bxc5 12. Bxc6 Bxc6 13. Ne5 Be7 14. c4 dxc4
15. Nxc4 Rd8 16. Be5 Rxd1 17. Bxc7 Rxa1 18. Rxa1 Nd5 19. Ba5 f6 20. Nd4 Bd7 21.
Nb6 Nxb6 22. Bxb6 e5 23. Ne2 Bc6 24. Rd1 Kf7 25. f3 Rc8 26. Re1 Re8 27. Kf2 Ke6
28. h4 h5 29. e4 g6 30. Ng3 Rg8 31. Nf1 Ba3 32. Re2 Rg7 33. Ne3 Rd7 34. Nc4 Bb4
35. a3 Be7 36. a4 Rd1 37. Na5 1/2-1/2

[Event "IM"]
[Site "Bois-Colombes"]
[Date "1999.04.26"]
[Round "1"]
[White "Grimberg, Gilbert"]
[Black "Plane, Boris"]
[Result "1-0"]
[WhiteElo "2261"]
[BlackElo "2132"]
[PlyCount "81"]
[EventDate "1999.??.??"]

1. Nf3 d6 2. g3 g6 3. Bg2 Bg7 4. O-O Nf6 5. d4 O-O 6. b3 c5 7. Bb2 Nc6 8. d5
Nb4 9. c4 e6 10. a3 Na6 11. Nc3 Nc7 12. Ra2 Rb8 13. e4 b5 14. e5 Nfe8 15. Ne4
f5 16. Nxd6 Nxd6 17. exd6 Qxd6 18. Bxg7 Kxg7 19. Qa1+ Kg8 20. dxe6 bxc4 21. Re2
cxb3 22. e7 Re8 23. Rd1 Qa6 24. Bf1 Qb6 25. Rb2 Be6 26. Ng5 Rxe7 27. Re1 Kf8
28. Rxe6 Nxe6 29. Rxb3 Nxg5 30. Rxb6 Rxb6 31. Qh8+ Kf7 32. Bc4+ Ne6 33. Qxh7+
Ke8 34. Qh6 Nf8 35. a4 a6 36. a5 Rd6 37. h4 Re1+ 38. Kg2 Ke7 39. Qg7+ Ke8 40.
Qc7 Nd7 41. Qxd6 1-0

[Event "IM"]
[Site "Bois-Colombes"]
[Date "1999.04.26"]
[Round "1"]
[White "Guigonis, Dominique"]
[Black "Krivokapic, Ratko"]
[Result "1-0"]
[WhiteElo "2309"]
[BlackElo "2216"]
[PlyCount "79"]
[EventDate "1999.??.??"]

1. d4 Nf6 2. c4 g6 3. Nc3 Bg7 4. e4 O-O 5. Bd3 d6 6. Nge2 Nbd7 7. h3 c5 8. Be3
cxd4 9. Nxd4 Ne5 10. Be2 Bd7 11. O-O Rc8 12. b3 a6 13. Qe1 Nc6 14. Rd1 Qa5 15.
Nxc6 Rxc6 16. Nd5 Qd8 17. f3 Nxd5 18. exd5 Rc8 19. a4 b5 20. axb5 axb5 21. cxb5
Rc3 22. Bc4 Qc8 23. Bd4 Rc2 24. Bxg7 Kxg7 25. Qe4 Qc5+ 26. Kh2 Rb2 27. Qd3 Kg8
28. Rde1 Re8 29. Re3 Qa3 30. Rfe1 Qa2 31. Qf1 Rf2 32. Qg1 Qd2 33. b6 g5 34. b7
Rb8 35. Ba6 h5 36. Rxe7 Bf5 37. Re8+ Kg7 38. Rxb8 Qf4+ 39. Kh1 Qg3 40. Re2 1-0

[Event "IM"]
[Site "Bois-Colombes"]
[Date "1999.04.26"]
[Round "1"]
[White "Inkiov, Ventsizlav"]
[Black "Gervasio, Ricardo"]
[Result "1-0"]
[WhiteElo "2466"]
[BlackElo "2369"]
[PlyCount "111"]
[EventDate "1999.??.??"]

1. d4 d5 2. c4 c6 3. Nf3 Nf6 4. Nc3 e6 5. g3 Nbd7 6. Bg2 a6 7. O-O Bd6 8. Nd2
b5 9. e4 b4 10. Na4 Nxe4 11. Nxe4 dxe4 12. Bxe4 Bb7 13. Qf3 Rc8 14. Rd1 O-O 15.
Nc5 Ba8 16. Nxd7 Qxd7 17. c5 Be7 18. Bf4 a5 19. a3 g5 20. Be5 f6 21. axb4 fxe5
22. Qh5 Bd8 23. dxe5 Qf7 24. Qxf7+ Rxf7 25. bxa5 Bc7 26. Bd3 Rcf8 27. Bc4 Re7
28. Rd2 Bxe5 29. Re1 Bf6 30. a6 Kg7 31. Re3 e5 32. Re4 h5 33. Kg2 g4 34. h3 Bg5
35. Rde2 gxh3+ 36. Kxh3 Rd8 37. f4 Bf6 38. fxe5 Bg5 39. b3 Rd1 40. Rf2 Rd8 41.
e6 Kg6 42. Rf3 Rde8 43. Re5 Kh6 44. Ref5 Ra7 45. Rf8 Rxf8 46. Rxf8 Be3 47. b4
Bg5 48. Rg8 Be7 49. Bd3 Bb7 50. axb7 Rxb7 51. Rg6+ Kh7 52. Rf6+ Kg7 53. Rf7+
Kh6 54. Be2 h4 55. gxh4 Ra7 56. Bd3 1-0

[Event "IM"]
[Site "Bois-Colombes"]
[Date "1999.04.26"]
[Round "1"]
[White "Zigura, Oleg"]
[Black "Sallen, Laurent"]
[Result "1/2-1/2"]
[WhiteElo "2430"]
[BlackElo "2210"]
[PlyCount "189"]
[EventDate "1999.??.??"]

1. Nf3 d5 2. d4 Nf6 3. g3 c6 4. Bg2 Bf5 5. O-O Nbd7 6. h3 e6 7. Ne5 Bd6 8. Bf4
Qc7 9. Nxd7 Qxd7 10. Be5 Qc7 11. Bxd6 Qxd6 12. c4 Be4 13. Nc3 Bxg2 14. Kxg2 O-O
15. Qb3 Qc7 16. e3 Rfd8 17. Rac1 Rd7 18. a3 e5 19. cxd5 Nxd5 20. dxe5 Qxe5 21.
Rcd1 Rad8 22. Nxd5 Rxd5 23. Qxb7 h5 24. Qxc6 h4 25. Rxd5 Rxd5 26. Qc8+ Kh7 27.
Qc4 hxg3 28. Qh4+ Kg8 29. Rc1 Qe6 30. Qxg3 Qf6 31. Rc4 Rg5 32. Rg4 Rxg4 33.
hxg4 Qxb2 34. Qd6 Qb5 35. Qd8+ Kh7 36. Qc7 Qa4 37. Qh2+ Kg8 38. Qb8+ Kh7 39.
Qb4 Qc6+ 40. Kh2 Qc7+ 41. Kh3 Kg8 42. Qe4 Qd7 43. a4 Qc7 44. Kg2 g6 45. Qd5 Qc8
46. Kf3 Qa6 47. a5 Kg7 48. Kg3 Kg8 49. e4 Kg7 50. g5 Kg8 51. Qd8+ Kg7 52. f3
Kh7 53. Qf6 Qc4 54. e5 Qc7 55. a6 Kg8 56. Qd6 Qc8 57. e6 fxe6 58. Kh3 Kf7 59.
Qf4+ Kg8 60. Qf6 Qe8 61. Qb2 Qf8 62. Kg2 Qf4 63. Qb5 Qd6 64. Qb7 Qd2+ 65. Kh3
Qd4 66. Qe7 Qe5 67. Qd8+ Kf7 68. Qd7+ Kf8 69. Qc8+ Ke7 70. Qb7+ Kd6 71. Qb8+
Kd5 72. Qd8+ Kc4 73. Qf6 Qf5+ 74. Kg3 Kb5 75. Qxf5+ exf5 76. Kf4 Kxa6 77. Ke5
Kb5 78. Kf6 a5 79. Kxg6 a4 80. Kxf5 a3 81. g6 a2 82. g7 a1=Q 83. g8=Q Qb1+ 84.
Ke5 Qb2+ 85. Kf5 Qc2+ 86. Kf4 Qd2+ 87. Kg3 Qe1+ 88. Kh2 Qf2+ 89. Qg2 Qh4+ 90.
Qh3 Qf2+ 91. Kh1 Qe1+ 92. Kg2 Qe2+ 93. Kg3 Qe1+ 94. Kf4 Qd2+ 95. Kg4 1/2-1/2

[Event "IM"]
[Site "Bois-Colombes"]
[Date "1999.05.02"]
[Round "2"]
[White "Gervasio, Ricardo"]
[Black "Grimberg, Gilbert"]
[Result "1/2-1/2"]
[WhiteElo "2369"]
[BlackElo "2261"]
[PlyCount "24"]
[EventDate "1999.??.??"]

1. e4 e5 2. Nf3 Nc6 3. Bb5 a6 4. Ba4 Nf6 5. O-O Be7 6. Re1 O-O 7. c3 b5 8. Bb3
d6 9. h3 Bb7 10. d4 Re8 11. Ng5 Rf8 12. Nf3 Re8 1/2-1/2

[Event "IM"]
[Site "Bois-Colombes"]
[Date "1999.04.27"]
[Round "2"]
[White "Guigonis, Dominique"]
[Black "Zigura, Oleg"]
[Result "0-1"]
[WhiteElo "2309"]
[BlackElo "2430"]
[PlyCount "50"]
[EventDate "1999.??.??"]

1. d4 d5 2. Nf3 e6 3. e3 Nf6 4. Bd3 Be7 5. O-O O-O 6. Nbd2 b6 7. Qe2 Bb7 8. b3
c5 9. Bb2 Nc6 10. a3 Rc8 11. Rad1 Qc7 12. dxc5 bxc5 13. e4 a5 14. Rfe1 a4 15.
exd5 Nxd5 16. Ne5 Bf6 17. Ndc4 Nf4 18. Qg4 Nxe5 19. Bxe5 Bxe5 20. Nxe5 Nxg2 21.
Bxh7+ Kxh7 22. Rd7 Qxd7 23. Nxd7 Nxe1 24. Ne5 Kg8 25. Qd1 f6 0-1

[Event "IM"]
[Site "Bois-Colombes"]
[Date "1999.04.27"]
[Round "2"]
[White "Krivokapic, Ratko"]
[Black "Velikov, Petar"]
[Result "0-1"]
[WhiteElo "2216"]
[BlackElo "2492"]
[PlyCount "66"]
[EventDate "1999.??.??"]

1. e4 c5 2. Nf3 e6 3. d4 cxd4 4. Nxd4 a6 5. c4 Qc7 6. Nc3 Nf6 7. Qe2 h6 8. g4
d6 9. Bg2 Nbd7 10. h4 Ne5 11. g5 hxg5 12. hxg5 Rxh1+ 13. Bxh1 Nfd7 14. b3 Nc5
15. Bd2 g6 16. O-O-O b5 17. cxb5 Ncd3+ 18. Kb1 Qc5 19. Qe3 Bd7 20. Nc2 Nxf2 21.
Rf1 Nxh1 22. Rxh1 Qxe3 23. Bxe3 axb5 24. Rd1 Rc8 25. Kb2 Nf3 26. Nd4 Bg7 27.
Nce2 Ne5 28. Ka3 Ra8+ 29. Kb4 Bf8 30. Nxb5 d5+ 31. Bc5 Rb8 32. Ned4 Bxb5 33.
Nxb5 Nc6+ 0-1

[Event "IM"]
[Site "Bois-Colombes"]
[Date "1999.04.28"]
[Round "3"]
[White "Dumitran, Octavian"]
[Black "Gervasio, Ricardo"]
[Result "1/2-1/2"]
[WhiteElo "2278"]
[BlackElo "2369"]
[PlyCount "51"]
[EventDate "1999.??.??"]

1. d4 d5 2. Nf3 Nf6 3. Bf4 Bf5 4. e3 e6 5. Bd3 Ne4 6. Nfd2 Bb4 7. c3 Bd6 8.
Nxe4 dxe4 9. Bc2 Bxf4 10. exf4 Qh4 11. g3 Qh3 12. Qe2 Qg2 13. Qf1 Qxf1+ 14.
Rxf1 Nd7 15. f3 Bh3 16. Rf2 exf3 17. Nd2 Bg4 18. Nxf3 Bxf3 19. Rxf3 O-O 20.
O-O-O c6 21. Re1 g6 22. Rf2 Rac8 23. Rd2 Rfd8 24. Bd1 Nf6 25. Bf3 Rd6 26. Re5
1/2-1/2

[Event "IM"]
[Site "Bois-Colombes"]
[Date "1999.04.28"]
[Round "3"]
[White "Grimberg, Gilbert"]
[Black "Sallen, Laurent"]
[Result "1/2-1/2"]
[WhiteElo "2261"]
[BlackElo "2210"]
[PlyCount "51"]
[EventDate "1999.??.??"]

1. e4 d5 2. exd5 Nf6 3. Nf3 Nxd5 4. d4 g6 5. Bc4 Bg7 6. O-O O-O 7. Re1 Nc6 8.
c3 Nb6 9. Bb3 Bg4 10. Bg5 Qd7 11. h3 Bxf3 12. Qxf3 e5 13. dxe5 Nxe5 14. Qxb7
Nd3 15. Rf1 Nxb2 16. Bf4 N2a4 17. Qxc7 Qf5 18. g4 Qf6 19. Bg3 Rfc8 20. Qb7 Nc5
21. Qg2 Rd8 22. Bc7 Rdc8 23. Bg3 Rd8 24. Bc7 Rdc8 25. Bg3 Rd8 26. Bc7 1/2-1/2

[Event "IM"]
[Site "Bois-Colombes"]
[Date "1999.04.28"]
[Round "3"]
[White "Inkiov, Ventsizlav"]
[Black "Guigonis, Dominique"]
[Result "1-0"]
[WhiteElo "2466"]
[BlackElo "2309"]
[PlyCount "91"]
[EventDate "1999.??.??"]

1. d4 d5 2. c4 dxc4 3. Nf3 e6 4. Nc3 c6 5. a4 Bb4 6. g3 b5 7. Bg2 Bb7 8. Ne5
Qb6 9. O-O Nf6 10. e4 Nbd7 11. Be3 Rd8 12. Qc2 a6 13. b3 c5 14. Nxd7 Rxd7 15.
d5 exd5 16. Nxd5 Nxd5 17. exd5 O-O 18. bxc4 bxc4 19. Qxc4 a5 20. Rfd1 Qf6 21.
Rac1 Ba6 22. Qg4 Qe7 23. Bg5 Be2 24. Bxe7 Bxg4 25. Bxf8 Bxd1 26. Bxc5 Rc7 27.
d6 Rxc5 28. Rxd1 Rc8 29. d7 Rd8 30. Bc6 Kf8 31. Rd5 f6 32. Kf1 Ke7 33. Rd4 Bc5
34. Re4+ Kd6 35. Re8 Bb6 36. Bb5 g5 37. f4 Kc7 38. Ke2 Kb7 39. Kd3 Ka7 40. f5
Rb8 41. Ke4 Bd8 42. Kd5 Kb7 43. Kd6 Kb6 44. h3 Kb7 45. Bc6+ Kb6 46. g4 1-0

[Event "IM"]
[Site "Bois-Colombes"]
[Date "1999.04.28"]
[Round "3"]
[White "Velikov, Petar"]
[Black "Plane, Boris"]
[Result "1-0"]
[WhiteElo "2492"]
[BlackElo "2132"]
[PlyCount "67"]
[EventDate "1999.??.??"]

1. Nf3 d6 2. c4 e5 3. d4 Nd7 4. Nc3 Ngf6 5. g3 Be7 6. Bg2 O-O 7. O-O c6 8. Qc2
Re8 9. h3 a5 10. e4 exd4 11. Nxd4 Nc5 12. Rd1 Qc7 13. Bf4 Bf8 14. b3 Bd7 15.
Rd2 h6 16. g4 g6 17. Rad1 Rad8 18. a3 Bc8 19. Bg3 Rd7 20. b4 axb4 21. axb4 Ne6
22. Nde2 Qd8 23. Na4 h5 24. f3 hxg4 25. hxg4 b6 26. Nac3 Bb7 27. Rd3 d5 28.
cxd5 cxd5 29. exd5 Nc7 30. d6 Na6 31. Qb2 Qa8 32. Nf4 Bg7 33. Qb3 g5 34. Nfd5
1-0

[Event "IM"]
[Site "Bois-Colombes"]
[Date "1999.04.28"]
[Round "3"]
[White "Zigura, Oleg"]
[Black "Krivokapic, Ratko"]
[Result "1/2-1/2"]
[WhiteElo "2430"]
[BlackElo "2216"]
[PlyCount "134"]
[EventDate "1999.??.??"]

1. Nf3 c5 2. e4 e6 3. d3 Nc6 4. Nbd2 d5 5. g3 Nf6 6. Bg2 Be7 7. O-O b6 8. Re1
Bb7 9. c3 Qc7 10. a3 O-O 11. e5 Nd7 12. d4 Rfe8 13. Nf1 a5 14. Bf4 b5 15. Ne3
Nf8 16. h4 b4 17. h5 bxa3 18. bxa3 cxd4 19. cxd4 h6 20. Ng4 Nh7 21. Qc2 Bf8 22.
Rec1 Rec8 23. Bf1 Ba6 24. Bd3 Bxd3 25. Qxd3 Qa7 26. Kg2 a4 27. Qd1 Ne7 28. Nh4
Rc4 29. Be3 Rac8 30. Qd3 Rxc1 31. Rxc1 Rxc1 32. Bxc1 Qc7 33. Qb1 Qc4 34. Nf3
Nc6 35. Ne3 Qc3 36. Bb2 Qb3 37. Qc2 Qb5 38. Nd2 Na5 39. Nd1 Nb3 40. Nc3 Nxd4
41. Nxb5 Nxc2 42. Nb1 Ne1+ 43. Kf1 Nd3 44. Bd4 f6 45. exf6 Nxf6 46. Ke2 Nc1+
47. Kd1 Nb3 48. Ke2 Nc1+ 49. Kd1 Nb3 50. Ke2 Nxd4+ 51. Nxd4 Kf7 52. Nb5 Ne4 53.
N1c3 Nxc3+ 54. Nxc3 Bxa3 55. Nxa4 e5 56. Nc3 Ke6 57. f3 Bb2 58. Na2 Ba3 59. Nc3
Bb2 60. Na2 e4 61. fxe4 dxe4 62. Nb4 Kf5 63. Nd5 Bd4 64. Nc7 Be5 65. Ne8 Ke6
66. Ke3 Kd5 67. g4 Bf6 1/2-1/2

[Event "IM"]
[Site "Bois-Colombes"]
[Date "1999.04.29"]
[Round "4"]
[White "Gervasio, Ricardo"]
[Black "Velikov, Petar"]
[Result "1/2-1/2"]
[WhiteElo "2369"]
[BlackElo "2492"]
[PlyCount "89"]
[EventDate "1999.??.??"]

1. d4 d5 2. c4 c6 3. Nf3 Nf6 4. Nc3 dxc4 5. e3 b5 6. Be2 e6 7. O-O Nbd7 8. a4
Qb6 9. axb5 cxb5 10. b3 Bb4 11. Na2 Be7 12. bxc4 bxc4 13. Nd2 O-O 14. Nxc4 Qc7
15. Bd2 Ba6 16. Rc1 Rfc8 17. Ba5 Qb7 18. Rb1 Qc6 19. Rc1 Qb7 20. Bd2 Nb6 21.
Na5 Bxe2 22. Nxb7 Bxd1 23. Rfxd1 Ba3 24. Rb1 Ne4 25. Be1 Rc2 26. Nb4 Bxb4 27.
Rxb4 Nd5 28. Rb3 h6 29. f3 Nec3 30. Ra1 Re8 31. Bxc3 Nxc3 32. Rxa7 Re7 33. Ra8+
Kh7 34. Ra5 Ne2+ 35. Kf1 Nc1 36. Rb1 Nd3 37. Nc5 Nxc5 38. dxc5 Rd7 39. Ra4 Rdd2
40. Rg4 Rxc5 41. e4 g5 42. h4 Kg6 43. hxg5 hxg5 44. Kg1 Kf6 45. Re1 1/2-1/2

[Event "IM"]
[Site "Bois-Colombes"]
[Date "1999.04.28"]
[Round "4"]
[White "Guigonis, Dominique"]
[Black "Grimberg, Gilbert"]
[Result "1-0"]
[WhiteElo "2309"]
[BlackElo "2261"]
[PlyCount "65"]
[EventDate "1999.??.??"]

1. e4 c5 2. Nf3 e6 3. d4 cxd4 4. Nxd4 a6 5. Bd3 Bc5 6. Nb3 Ba7 7. c4 Nc6 8. Nc3
Nf6 9. O-O Qc7 10. Kh1 Ne5 11. Bf4 d6 12. Rc1 Bd7 13. Bg3 h5 14. Bh4 Nfg4 15.
Be2 g5 16. Bg3 h4 17. Bxe5 Nxe5 18. Nd2 g4 19. c5 dxc5 20. Bxg4 Bb8 21. f4 Nd3
22. Rc2 Nxf4 23. Nf3 Bc6 24. b4 h3 25. g3 Ng2 26. Qc1 cxb4 27. Nd5 Qa5 28. Rxc6
bxc6 29. Qxc6+ Kf8 30. Ng5 Ra7 31. Nxe6+ Kg8 32. Qe8+ Kh7 33. Bf5+ 1-0

[Event "IM"]
[Site "Bois-Colombes"]
[Date "1999.04.28"]
[Round "4"]
[White "Krivokapic, Ratko"]
[Black "Plane, Boris"]
[Result "1/2-1/2"]
[WhiteElo "2216"]
[BlackElo "2132"]
[PlyCount "64"]
[EventDate "1999.??.??"]

1. Nf3 d6 2. g3 g6 3. d4 Bg7 4. Bg2 Nd7 5. e4 c5 6. O-O Qb6 7. c3 Ngf6 8. Re1
O-O 9. Nbd2 Rd8 10. h3 e6 11. e5 Ne8 12. Nc4 Qa6 13. Bf1 b5 14. Nxd6 Nxd6 15.
exd6 Qxd6 16. dxc5 Qxc5 17. Be3 Qc6 18. Bg2 Bb7 19. Nh4 Qc7 20. Bxb7 Qxb7 21.
Qf3 Qc7 22. Qg2 Nb6 23. Rad1 Nc4 24. Bc1 Rac8 25. Nf3 Qc6 26. Ng5 Qxg2+ 27.
Kxg2 h6 28. Nf3 Rxd1 29. Rxd1 f5 30. Nd2 Rd8 31. Rf1 b4 32. cxb4 Nxb2 1/2-1/2

[Event "IM"]
[Site "Bois-Colombes"]
[Date "1999.04.29"]
[Round "5"]
[White "Dumitran, Octavian"]
[Black "Guigonis, Dominique"]
[Result "0-1"]
[WhiteElo "2278"]
[BlackElo "2309"]
[PlyCount "84"]
[EventDate "1999.??.??"]

1. Nf3 d5 2. e3 e6 3. c4 Nf6 4. d4 Nbd7 5. Nbd2 Ne4 6. Qc2 f5 7. Nxe4 fxe4 8.
Nd2 c6 9. f3 Qg5 10. f4 Qh4+ 11. g3 Qg4 12. Be2 Qh3 13. Bf1 Qg4 14. Be2 Qg6 15.
Nb3 Nf6 16. Bd2 Bd7 17. O-O-O Be7 18. Kb1 b6 19. c5 O-O 20. g4 Rfb8 21. Rc1 Ne8
22. Qd1 Nc7 23. Rc2 Qe8 24. Qc1 Bc8 25. Qg1 Bb7 26. h4 Na6 27. g5 bxc5 28. dxc5
Bc8 29. Qe1 Qf8 30. Na5 Qe8 31. Bxa6 Bxa6 32. Ka1 Bd3 33. Rc1 Rb5 34. Bb4 Rab8
35. a3 Qc8 36. Rc3 Qa6 37. Rxd3 exd3 38. Qc3 Bd8 39. Qe5 Bxa5 40. Qxe6+ Kh8 41.
h5 Bxb4 42. h6 Qxa3+ 0-1

[Event "IM"]
[Site "Bois-Colombes"]
[Date "1999.04.29"]
[Round "5"]
[White "Grimberg, Gilbert"]
[Black "Zigura, Oleg"]
[Result "1-0"]
[WhiteElo "2261"]
[BlackElo "2430"]
[PlyCount "103"]
[EventDate "1999.??.??"]

1. e4 c5 2. c3 b6 3. d4 Bb7 4. Bd3 cxd4 5. cxd4 Nc6 6. Nf3 Nb4 7. Nc3 Nxd3+ 8.
Qxd3 Nf6 9. O-O g6 10. d5 d6 11. e5 dxe5 12. Nxe5 Bg7 13. Qb5+ Nd7 14. Nc6 Qc7
15. Re1 Bxc6 16. dxc6 Nf6 17. Bf4 Qxf4 18. c7+ Kf8 19. Nd5 Qd6 20. Rac1 Bh6 21.
c8=Q+ Rxc8 22. Rxc8+ Kg7 23. Rxh8 Nxd5 24. Qe8 Bd2 25. Rf1 h5 26. Qg8+ Kf6 27.
Rh7 Qe6 28. Qg7+ Kf5 29. Qxf7+ Nf6 30. Qxe6+ Kxe6 31. Rg7 h4 32. Rxg6 Kf7 33.
Rxf6+ Kxf6 34. Rd1 Bf4 35. Rd4 Be5 36. Rxh4 Bxb2 37. Re4 e5 38. Kf1 Bd4 39. f3
b5 40. Ke2 a5 41. Kd3 Bg1 42. h4 Bc5 43. g4 Bd6 44. Re2 Ba3 45. Rc2 Ke6 46. h5
a4 47. h6 Kf7 48. Rc7+ Kg8 49. g5 Bf8 50. Ra7 a3 51. Rb7 b4 52. Ke4 1-0

[Event "IM"]
[Site "Bois-Colombes"]
[Date "1999.04.29"]
[Round "5"]
[White "Inkiov, Ventsizlav"]
[Black "Krivokapic, Ratko"]
[Result "1/2-1/2"]
[WhiteElo "2466"]
[BlackElo "2216"]
[PlyCount "59"]
[EventDate "1999.??.??"]

1. d4 Nf6 2. c4 c5 3. e3 e6 4. Nf3 d5 5. Nc3 a6 6. dxc5 Bxc5 7. a3 O-O 8. b4
Ba7 9. Bb2 dxc4 10. Bxc4 b5 11. Bd3 Nbd7 12. Ne4 Qe7 13. Ne5 Nxe5 14. Bxe5 Ne8
15. Rc1 f5 16. Nc5 Bb7 17. Nxb7 Qxb7 18. Qf3 Qxf3 19. gxf3 Bb8 20. Bxb8 Rxb8
21. Rc6 Rd8 22. Ke2 Nd6 23. f4 Rfe8 24. Rd1 Kf7 25. Rxd6 Rxd6 26. Bxb5 Red8 27.
Bd3 Rc8 28. a4 Rb6 29. b5 axb5 30. Bxb5 1/2-1/2

[Event "IM"]
[Site "Bois-Colombes"]
[Date "1999.04.29"]
[Round "5"]
[White "Plane, Boris"]
[Black "Gervasio, Ricardo"]
[Result "1/2-1/2"]
[WhiteElo "2132"]
[BlackElo "2369"]
[PlyCount "87"]
[EventDate "1999.??.??"]

1. Nf3 d5 2. d4 Bf5 3. e3 Nf6 4. c4 e6 5. Nc3 Nc6 6. a3 Be7 7. Be2 O-O 8. O-O
a5 9. Bd2 Ne4 10. Nxe4 Bxe4 11. Ne1 a4 12. Bb4 dxc4 13. Bxe7 Qxe7 14. Bxc4 Ra5
15. Rc1 Rd8 16. Nd3 Qg5 17. g3 b5 18. Ba2 Qf5 19. g4 Qf6 20. f3 Bxd3 21. Qxd3
Rd6 22. Qe4 Ra6 23. Rf2 Qd8 24. Rfc2 Qd7 25. Rc5 Rb6 26. Bb1 g6 27. g5 Rd5 28.
f4 b4 29. axb4 Rxc5 30. Rxc5 Nxb4 31. Qe5 Nd5 32. Ra5 Qc8 33. Rxa4 Rxb2 34. Bd3
Qb7 35. Ra1 Rb3 36. Be4 c6 37. Bxd5 cxd5 38. Qd6 Rb1+ 39. Rxb1 Qxb1+ 40. Kg2
Qb2+ 41. Kg3 Qb7 42. Qd8+ Kg7 43. Qf6+ Kg8 44. Qd8+ 1/2-1/2

[Event "IM"]
[Site "Bois-Colombes"]
[Date "1999.04.29"]
[Round "6"]
[White "Inkiov, Ventsizlav"]
[Black "Grimberg, Gilbert"]
[Result "1-0"]
[WhiteElo "2466"]
[BlackElo "2261"]
[PlyCount "122"]
[EventDate "1999.??.??"]

1. e4 e5 2. Bc4 Nf6 3. d3 Nc6 4. Nf3 Bc5 5. O-O O-O 6. a4 a6 7. Re1 d6 8. c3
Ba7 9. Nbd2 Ne7 10. Nf1 Ng6 11. Ng3 Be6 12. Bxe6 fxe6 13. d4 exd4 14. cxd4 e5
15. Be3 Ng4 16. Bg5 Qc8 17. h3 Nf6 18. dxe5 Nxe5 19. Be3 Nxf3+ 20. Qxf3 Nd5 21.
Nf5 Nxe3 22. Ne7+ Kh8 23. Nxc8 Rxf3 24. Nxa7 Nc2 25. gxf3 Nxe1 26. Rxe1 Rxa7
27. a5 Ra8 28. Rc1 Rc8 29. f4 Kg8 30. f5 Kf7 31. Kg2 c6 32. Kf3 Re8 33. Rd1 Ke7
34. Kf4 Rb8 35. Rc1 Rd8 36. h4 Rb8 37. h5 h6 38. Rg1 Kf7 39. Rg6 Rd8 40. Ke3
Rd7 41. f4 Rd8 42. e5 dxe5 43. fxe5 Rd5 44. Ke4 Rb5 45. f6 gxf6 46. Rxf6+ Ke7
47. Rxh6 Rxb2 48. Rg6 Rf2 49. h6 Rf1 50. Rg8 Rh1 51. Rh8 Kf7 52. h7 Kg6 53.
Rg8+ Kxh7 54. Rg4 Ra1 55. Kf5 Rxa5 56. Kf6 Ra1 57. e6 Rf1+ 58. Ke7 Re1 59. Kd6
a5 60. e7 a4 61. Rxa4 Kg7 1-0

[Event "IM"]
[Site "Bois-Colombes"]
[Date "1999.04.29"]
[Round "6"]
[White "Sallen, Laurent"]
[Black "Plane, Boris"]
[Result "1/2-1/2"]
[WhiteElo "2210"]
[BlackElo "2132"]
[PlyCount "54"]
[EventDate "1999.??.??"]

1. d4 c5 2. e3 e6 3. Nf3 Nf6 4. Bd3 b6 5. O-O Bb7 6. b3 cxd4 7. exd4 d6 8. Bb2
Be7 9. c4 Nbd7 10. Nc3 a6 11. Nd2 Qc7 12. f4 O-O 13. Nf3 Rad8 14. Qd2 Rfe8 15.
Rae1 Bf8 16. f5 e5 17. d5 Nc5 18. Ne4 Nfxe4 19. Bxe4 b5 20. f6 Nxe4 21. Rxe4
Qc5+ 22. Kh1 bxc4 23. bxc4 Bc8 24. fxg7 Bxg7 25. Nh4 f5 26. Nxf5 Bxf5 27. Rxf5
Rf8 1/2-1/2

[Event "IM"]
[Site "Bois-Colombes"]
[Date "1999.04.29"]
[Round "6"]
[White "Zigura, Oleg"]
[Black "Dumitran, Octavian"]
[Result "1/2-1/2"]
[WhiteElo "2430"]
[BlackElo "2278"]
[PlyCount "74"]
[EventDate "1999.??.??"]

1. e4 c5 2. Nf3 e6 3. Nc3 Nc6 4. Bb5 Nge7 5. O-O a6 6. Bxc6 Nxc6 7. d4 cxd4 8.
Nxd4 b5 9. Nxc6 dxc6 10. Qxd8+ Kxd8 11. e5 c5 12. a4 b4 13. Ne4 Bb7 14. Rd1+
Ke8 15. Re1 c4 16. a5 Rc8 17. h4 Bd5 18. h5 h6 19. Bf4 Be7 20. Rad1 Kd7 21. b3
Rhd8 22. Nd6 Bxd6 23. exd6 cxb3 24. cxb3 Bxb3 25. Rb1 Ba4 26. Rxb4 Bb5 27. Re3
Rc5 28. Re5 Rdc8 29. Rb1 f6 30. Rxc5 Rxc5 31. Rc1 Rxc1+ 32. Bxc1 e5 33. Ba3 Be2
34. f3 e4 35. Kf2 exf3 36. gxf3 Bb5 37. Kg3 Ke6 1/2-1/2

[Event "IM"]
[Site "Bois-Colombes"]
[Date "1999.04.30"]
[Round "7"]
[White "Dumitran, Octavian"]
[Black "Inkiov, Ventsizlav"]
[Result "1/2-1/2"]
[WhiteElo "2278"]
[BlackElo "2466"]
[PlyCount "26"]
[EventDate "1999.??.??"]

1. d4 Nf6 2. c4 e6 3. Nf3 d5 4. Nc3 Bb4 5. e3 c5 6. Bd3 dxc4 7. Bxc4 O-O 8. O-O
cxd4 9. exd4 b6 10. Bg5 Bxc3 11. bxc3 Nbd7 12. Qe2 Bb7 13. Rac1 Qc7 1/2-1/2

[Event "IM"]
[Site "Bois-Colombes"]
[Date "1999.04.30"]
[Round "7"]
[White "Plane, Boris"]
[Black "Guigonis, Dominique"]
[Result "0-1"]
[WhiteElo "2132"]
[BlackElo "2309"]
[PlyCount "59"]
[EventDate "1999.??.??"]

1. e4 e6 2. d4 d5 3. exd5 exd5 4. Bd3 c5 5. Be3 Nc6 6. Nf3 Bg4 7. Bb5 c4 8. Qe2
Be7 9. c3 Nf6 10. b3 O-O 11. bxc4 a6 12. Ba4 dxc4 13. Qxc4 b5 14. Qxc6 Bd7 15.
Qb7 Rb8 16. Qxa6 Qc7 17. d5 Nxd5 18. Nd4 Nxc3 19. Nxc3 Qxc3+ 20. Ke2 Qc4+ 21.
Kf3 Qd5+ 22. Ke2 bxa4 23. Rhd1 Qxg2 24. Rg1 Rb2+ 25. Kd3 Qd5 26. Rxg7+ Kxg7 27.
Bh6+ Kh8 28. Bxf8 Bf5+ 29. Kc3 Qc5+ 30. Qc4 0-1

[Event "IM"]
[Site "Bois-Colombes"]
[Date "1999.04.30"]
[Round "7"]
[White "Velikov, Petar"]
[Black "Zigura, Oleg"]
[Result "1/2-1/2"]
[WhiteElo "2492"]
[BlackElo "2430"]
[PlyCount "22"]
[EventDate "1999.??.??"]

1. d4 d5 2. c4 e6 3. Nc3 Be7 4. Nf3 Nf6 5. Bg5 O-O 6. e3 Ne4 7. Bxe7 Qxe7 8.
Rc1 Nxc3 9. Rxc3 dxc4 10. Bxc4 b6 11. O-O Bb7 1/2-1/2

[Event "IM"]
[Site "Bois-Colombes"]
[Date "1999.05.01"]
[Round "8"]
[White "Grimberg, Gilbert"]
[Black "Dumitran, Octavian"]
[Result "1/2-1/2"]
[WhiteElo "2261"]
[BlackElo "2278"]
[PlyCount "83"]
[EventDate "1999.??.??"]

1. c4 Nf6 2. Nf3 c6 3. g3 d5 4. b3 Bg4 5. Bg2 e6 6. Bb2 Nbd7 7. O-O Bd6 8. d4
O-O 9. Nc3 Bh5 10. Re1 Qe7 11. Qc1 Rfc8 12. e4 Nxe4 13. Nxe4 dxe4 14. Rxe4 Bxf3
15. Bxf3 Nf8 16. h4 Qd8 17. Qc3 Be7 18. Rd1 Bf6 19. Kg2 Rc7 20. Re2 Rd7 21.
Red2 Qb6 22. Qc1 Rad8 23. d5 Bxb2 24. Qxb2 cxd5 25. cxd5 exd5 26. Rxd5 Rxd5 27.
Rxd5 Rxd5 28. Bxd5 Qc7 29. Qe2 Qd7 30. Qe4 b6 31. Bc4 h6 32. Qa8 Qc7 33. Bd5 g6
34. Bc4 Kg7 35. Qe8 Qb7+ 36. Kg1 Qc7 37. Qe1 Nh7 38. Qa1+ Nf6 39. Qd4 h5 40. a4
Qe7 41. Qc3 a5 42. Qd4 1/2-1/2

[Event "IM"]
[Site "Bois-Colombes"]
[Date "1999.05.01"]
[Round "8"]
[White "Guigonis, Dominique"]
[Black "Gervasio, Ricardo"]
[Result "1-0"]
[WhiteElo "2309"]
[BlackElo "2369"]
[PlyCount "63"]
[EventDate "1999.??.??"]

1. d4 d5 2. Nf3 Bf5 3. c4 e6 4. Nc3 Nf6 5. Bg5 c6 6. e3 Qb6 7. Qb3 Nbd7 8. Nd2
h6 9. Bh4 Be7 10. Be2 Qxb3 11. axb3 a6 12. f3 Bh7 13. c5 e5 14. b4 O-O 15. Nb3
Rfe8 16. g4 exd4 17. exd4 Ne4 18. Bxe7 Nxc3 19. bxc3 Rxe7 20. Kd2 Rae8 21. Rhe1
Nf8 22. Na5 Ne6 23. Bxa6 bxa6 24. Nxc6 Rb7 25. Rxa6 Kf8 26. Rb6 Rc7 27. b5 Ra8
28. Nb4 g5 29. c6 Ra4 30. Rb8+ Kg7 31. Rxe6 fxe6 32. Rb7 1-0

[Event "IM"]
[Site "Bois-Colombes"]
[Date "1999.05.01"]
[Round "8"]
[White "Inkiov, Ventsizlav"]
[Black "Velikov, Petar"]
[Result "1/2-1/2"]
[WhiteElo "2466"]
[BlackElo "2492"]
[PlyCount "21"]
[EventDate "1999.??.??"]

1. e4 e5 2. Nf3 Nc6 3. Bb5 a6 4. Bxc6 dxc6 5. d4 exd4 6. Qxd4 Qxd4 7. Nxd4 Bd7
8. Nc3 O-O-O 9. Bd2 Ne7 10. Nf3 Ng6 11. O-O-O 1/2-1/2